000 01130nam a2200337 i 4500
001 32543
003 KOSZ 005
005 20240405063058.0
008 961010s1994 pl f |000 0 pol d
020 _a8390020653
040 _cKOSZ 005
_aKOSZ 005
_dKOSZ 005/HR
046 _k1994
080 _a338.22(47+57)"1991/..."
080 _a338.22(438)"1989/..."
100 1 _aMadej, Zbigniew
_d(1932- )
_eAutor
245 1 0 _aRosyjski obszar gospodarczy :
_bnowa sytuacja - nowe wyzwanie dla Polski /
_cZbigniew Madej.
260 _aWarszawa :
_bPolskie Towarzystwo Współpracy z Klubem Rzymskim,
_c1994.
300 _a139 s. ;
_c20 cm.
380 _aKsiążki
388 _a1901-2000
388 _a1989-2000
648 _a1901-2000
648 _a1989-2000
650 4 _aTransformacja systemu społeczno-gospodarczego
650 4 _aPolityka gospodarcza
651 4 _aPolska
651 4 _aRosja
658 _aGospodarka, ekonomia, finanse
856 _uhttp://koha.tu.koszalin.pl/cgi-bin/koha/opac-detail.pl?biblionumber=32543
_yKatalog online BPK
942 _cKS
_2UKD
999 _c32543
_d32543